| 000 | 00702 a2200205 4500 | ||
|---|---|---|---|
| 999 |
_c183359 _d183359 |
||
| 005 | 20211223150321.0 | ||
| 010 | _aENG-130559 | ||
| 020 |
_a978-0-19-012911-8 _c1495.00 |
||
| 035 | _aEN-114091 | ||
| 037 | _bDBAD/PUB | ||
| 082 |
_a327.51054 _b1 |
||
| 245 |
_aBeyond Pan-Asianism: _bConnecting China and India, 1840s-1960s/ _cEdited by Tansen Sen, Brian Tsui |
||
| 250 | _a2021 | ||
| 260 |
_aNew Delhi _bOxford University Press _c2021 |
||
| 270 |
_a22 Workspace, 2nd Floor, 1/22 Asaf Ali Road _bNew Delhi _e110002 |
||
| 300 |
_aix-xi,495,p. _c22cm (hbk) _bIndex, Editor and Contributors |
||
| 700 | _aSen, Tansen | ||
| 700 | _aTsui, Brian | ||
| 942 |
_adpl _cEN _2ddc _h327.51054 _mBEY |
||